[Event "Famalicao op 9th"]
[Site "Vila Nova de Famalicao"]
[Date "2022.07.26"]
[Round "3"]
[White "Ozbek, Umut"]
[Black "Dias, Paulo Jorge Guimara"]
[Result "0-1"]
[WhiteElo "1205"]
[BlackElo "2348"]
[PlyCount "32"]
[EventDate "2022.07.25"]
[EventType "swiss"]
[EventRounds "9"]
[EventCountry "POR"]
[SourceTitle "CBM 209 Extra"]
[Source "ChessBase"]
[SourceDate "2022.09.30"]
[SourceVersion "1"]
[SourceVersionDate "2022.09.30"]
[SourceQuality "1"]

1. e4 e5 2. Nf3 Nc6 3. d4 exd4 4. Nxd4 Nf6 5. Nxc6 bxc6 6. Nc3 Bb4 7. Bd3 d5 8. e5 Ng4 9. 0-0 0-0 10. Bd2 Re8 11. Re1 Qh4 12. h3 Qxf2+ 13. Kh1 Bc5 14. Qf3 Qxd2 15. hxg4 Re6 16. g5 Rh6+ 0-1